| 000 | 00454nam a2200181 i 4500 | ||
|---|---|---|---|
| 001 | bg | ||
| 245 | 0 |
_aAdvances in computers. _nVol. 20 / _ced. by Marshall C. Yovits. |
|
| 260 |
_aLondon : _bAcademic Press, _c1981. |
||
| 650 | 9 | _aKomputery | |
| 700 | 1 |
_aYovits, Marshall C. _eRed. |
|
| 020 | _a0120121204 | ||
| 040 | _cBPK | ||
| 041 | _apol | ||
| 080 | _a004 | ||
| 920 | _a0-12-012120-4 | ||
| 942 | _cKS | ||
| 008 | s pl f |000 0 pol | ||
| 999 |
_c22266 _d22266 |
||
| 856 |
_uhttp://koha.tu.koszalin.pl/cgi-bin/koha/opac-detail.pl?biblionumber=22266 _yKatalog online BPK |
||